| 000 | 00469nam a2200157 a 4500 | ||
|---|---|---|---|
| 001 | 2847 | ||
| 003 | CDMR | ||
| 005 | 20151016124802.0 | ||
| 008 | 130130s ||||||||||||||||||||||||||||d | ||
| 040 |
_aCDMR _bcat _cCDMR |
||
| 110 | 2 |
_92097 _aInstituto Oficial de Radio y Televisión (Espanya) |
|
| 245 | 1 | 0 | _aMemoria curso 1979-80 |
| 260 |
_aBarcelona _bInstituto Oficial de Radio y Televisión. Centro Autónomo de Barcelona _c[1980] |
||
| 300 | _a42 p. | ||
| 942 |
_cFULLET _2udc |
||
| 999 |
_c2847 _d2847 |
||